000 00654nam a2200229 a 4500
008
020 _a0745611389(pbk)
090 _aP94.6 LUL
100 1 _aLull,james.
245 1 0 _aMedia,communication and culture:
_b a global approach,
_cJames Lull.
260 _aOxford:
_bPolity Press,
_c1995
300 _aviii,207p. :
_bill. ;
_c10cm.
500 _aIncludes an index.
504 _aIncludes bibliographical references.
650 1 _aMedia studies.
907 _a.b10262209
_b22-04-09
_c22-04-09
003
005 20230120193607.0
040 _cNUST
049 _aMAIN
942 _cBOOKS
_kP94.6 LUL
999 _c101873
_d101873